Artists With Multiple Albums With Over 20 Million Copies Sold - Statistics

General Stats
  • This quiz has been taken 63 times
  • The average score is 6 of 15
Answer Stats
# Artist / Group % Correct
3 The Beatles
96%
5 Michael Jackson
90%
3 Madonna
77%
3 Whitney Houston
46%
3 Pink Floyd
44%
2 Elton John
40%
2 Mariah Carey
38%
2 Adele
35%
2 Britney Spears
35%
2 Eminem
35%
4 Celine Dion
33%
2 Eagles
31%
2 Backstreet Boys
17%
2 Bon Jovi
15%
2 Shania Twain
13%
No matching quizzes found
Score Distribution
Percent of People with Each Score
Percentile by Number Answered
Your Score History
You have not taken this quiz